000 00646nam a22001577a 4500
020 _a978-0-144-00101-9
082 _a823
_bMUR/O
100 _aMURTY, SUDHA
245 _aTHE OLD MAN AND HIS GOD
250 _a
260 _aUSA
_bPENGUIN BOOKS
300 _a131
520 _aThe Old Man And His God is a collection of short 25 real-life stories. During her career life and as a social worker, Sudha Murthy, meets several people with different backgrounds. Several small incidents of day-to-day life teach Sudha Murthy lots of subtle things which she has whole-heartedly shared with her readers.
650 _aENGLISH STORY
_zUSA
942 _cBK
999 _c6894
_d6894